International media studies / (Record no. 26501)
[ view plain ]
| 000 -LEADER | |
|---|---|
| fixed length control field | 01101cam a22002895a 4500 |
| 001 - CONTROL NUMBER | |
| control field | 14420712 |
| 005 - DATE AND TIME OF LATEST TRANSACTION | |
| control field | 20201128024319.0 |
| 008 - FIXED-LENGTH DATA ELEMENTS--GENERAL INFORMATION | |
| fixed length control field | 060620s2007 mau frb 001 0 eng d |
| 020 ## - INTERNATIONAL STANDARD BOOK NUMBER | |
| International Standard Book Number | 9781405118101 |
| 020 ## - INTERNATIONAL STANDARD BOOK NUMBER | |
| International Standard Book Number | 1405118105 |
| 040 ## - CATALOGING SOURCE | |
| Original cataloging agency | DLC |
| Transcribing agency | DLC |
| Modifying agency | DLC |
| -- | EG-ScBUE |
| Language of cataloging | eng |
| 082 04 - DEWEY DECIMAL CLASSIFICATION NUMBER | |
| Classification number | 302.2 |
| Edition number | 22 |
| Item number | MCM |
| 100 1# - MAIN ENTRY--PERSONAL NAME | |
| Personal name | McMillin, Divya C. |
| Fuller form of name | (Divya Carolyn) |
| 9 (RLIN) | 40664 |
| 245 10 - TITLE STATEMENT | |
| Title | International media studies / |
| Statement of responsibility, etc | Divya C. McMillin. |
| 260 ## - PUBLICATION, DISTRIBUTION, ETC. (IMPRINT) | |
| Place of publication, distribution, etc | Malden : |
| Name of publisher, distributor, etc | Blackwell Publishing, |
| Date of publication, distribution, etc | 2007. |
| 300 ## - PHYSICAL DESCRIPTION | |
| Extent | xiii, 265 p. ; |
| Dimensions | 23 cm. |
| 504 ## - BIBLIOGRAPHY, ETC. NOTE | |
| Bibliography, etc | Includes bibliographical references and index. |
| 650 #7 - SUBJECT ADDED ENTRY--TOPICAL TERM | |
| Topical term or geographic name as entry element | Communication, International. |
| Source of heading or term | BUEsh |
| 650 #7 - SUBJECT ADDED ENTRY--TOPICAL TERM | |
| Topical term or geographic name as entry element | Globalization. |
| Source of heading or term | BUEsh |
| 9 (RLIN) | 2820 |
| 651 ## - SUBJECT ADDED ENTRY--GEOGRAPHIC NAME | |
| Source of heading or term | BUEsh |
| 653 ## - INDEX TERM--UNCONTROLLED | |
| Resource For college | Generalities |
| -- | Communication and mass media |
| Arrived date list | April2018 |
| 655 ## - INDEX TERM--GENRE/FORM | |
| Form subdivision | Text book |
| -- | 33728 |
| 856 41 - ELECTRONIC LOCATION AND ACCESS | |
| Materials specified | Table of contents only |
| Uniform Resource Identifier | <a href="http://www.loc.gov/catdir/toc/ecip0616/2006020374.html">http://www.loc.gov/catdir/toc/ecip0616/2006020374.html</a> |
| 856 42 - ELECTRONIC LOCATION AND ACCESS | |
| Materials specified | Contributor biographical information |
| Uniform Resource Identifier | <a href="http://www.loc.gov/catdir/enhancements/fy0802/2006020374-b.html">http://www.loc.gov/catdir/enhancements/fy0802/2006020374-b.html</a> |
| 856 42 - ELECTRONIC LOCATION AND ACCESS | |
| Materials specified | Publisher description |
| Uniform Resource Identifier | <a href="http://www.loc.gov/catdir/enhancements/fy0802/2006020374-d.html">http://www.loc.gov/catdir/enhancements/fy0802/2006020374-d.html</a> |
| 942 ## - ADDED ENTRY ELEMENTS (KOHA) | |
| Source of classification or shelving scheme | Dewey Decimal Classification |
| Withdrawn status | Item status | Source of classification or shelving scheme | Damaged status | Not for loan | Vendor | Home library | Current library | Shelving location | Date acquired | Source of acquisition | Total Checkouts | Full call number | Barcode | Date last seen | Koha item type | Total Renewals | Date last borrowed |
|---|---|---|---|---|---|---|---|---|---|---|---|---|---|---|---|---|---|
| Dewey Decimal Classification | Baccah | Central Library | Central Library | First floor | 12/04/2018 | Purchase | 302.2 MCM | 000047600 | 15/07/2025 | NB - Book (Non borrowing) | |||||||
| Dewey Decimal Classification | Baccah | Central Library | Central Library | First floor | 12/04/2018 | Purchase | 302.2 MCM | 000047601 | 15/07/2025 | NB - Book (Non borrowing) | |||||||
| Dewey Decimal Classification | Baccah | Central Library | Central Library | First floor | 12/04/2018 | Purchase | 302.2 MCM | 000047602 | 15/07/2025 | Book - Borrowing | |||||||
| Dewey Decimal Classification | Baccah | Central Library | Central Library | First floor | 12/04/2018 | Purchase | 1 | 302.2 MCM | 000047603 | 15/07/2025 | Book - Borrowing | 1 | 21/10/2019 | ||||
| Dewey Decimal Classification | Baccah | Central Library | Central Library | First floor | 12/04/2018 | Purchase | 302.2 MCM | 000047604 | 15/07/2025 | Book - Borrowing |